000 00355nam a2200133Ia 4500
008 240624s9999 xx 000 0 und d
041 _aeng
082 _a658.4 SAH
100 _aSAHLMAN WILLIAM A
245 _aHOW TO WRITE A GREAT BUSINESS PLAN
260 _c2008
_aBoston
_bHarvard Business School Press
300 _a64 : p. : cm. ; 16
365 _c
_b30
999 _c11097
_d11097